Les catégories du matérialisme dialectique. L'ontologie soviétique contemporaine

Αποθηκεύτηκε σε:
Λεπτομέρειες βιβλιογραφικής εγγραφής
Κύριος συγγραφέας: Planty-Bonjour, Guy (Συγγραφέας)
Μορφή: Βιβλίο
Γλώσσα:Γαλλικά
Έκδοση: París Universitaires de France 1965
Θέματα:
Ετικέτες: Προσθήκη ετικέτας
Δεν υπάρχουν, Καταχωρήστε ετικέτα πρώτοι!

MARC

LEADER 00000nam a2200000 a 4500
001 UCZ4666
003 CL-VaPUC
008 951110e19650000FR |||||||||||||||||fre|d
082 0 4 |a 146.32  |b PLA  |2 21 
100 0 |a Planty-Bonjour, Guy  |e author  |9 348678 
245 1 4 |a Les catégories du matérialisme dialectique. L'ontologie soviétique contemporaine 
300 |a 206 p 
942 |c BK 
945 |d 19951110 00:00:00  |a lriquelm 
260 |a París  |b Universitaires de France  |c 1965 
650 0 |a Materialismo  |9 265687 
650 0 |a Escuelas filosóficas   |9 266232 
650 0 |a Ontología   |9 256850 
650 7 |a FILOSOFIA RUSA  |2 CL-VaPUC  |9 321453 
650 0 |a Filosofía de las ciencias  |9 256466 
650 0 |a Empirismo  |9 255037 
583 |a last modification  |c 19951110 00:00:00  |k Rodrigo Vera 
999 |c 241034  |d 241032 
952 |0 0  |1 0  |4 0  |6 146_320000000000000_PLA_1965  |7 0  |8 P  |9 253179  |a BIBEDU  |b BIBEDU  |c BIBEDU_PB  |d 2019-11-19  |i 159706K  |o 146.32 PLA 1965  |p 159706K  |r 2024-01-25  |w 2019-11-19  |y BK  |k FIL